Invisible Countries of North America Quiz Stats

 Plays Quiz Updated Oct 14, 2021

Support Sporcle.
Go Orange.
Score 0/23 Timer 04:00
7 Plays Today
% Correct
United States of America
99.1%
Canada
99%
Mexico
97.4%
Cuba
88.9%
Panama
86.3%
Haiti
83.7%
Jamaica
80.9%
Dominica
80.1%
Honduras
79.2%
Costa Rica
78.6%
Bahamas
78.4%
Dominican Republic
77.9%
% Correct
Guatemala
77.7%
Belize
76.5%
Nicaragua
75.7%
El Salvador
74.8%
Trinidad and Tobago
68.1%
Barbados
67.7%
St. Kitts and Nevis
65.7%
St. Lucia
61%
Antigua and Barbuda
59.9%
St. Vincent and The Grenadines
58.3%
Grenada
57.4%

From the Vault

-tch Definitions

by NO_r_WAY

Even if it's not a real creature, it can still be a real word.
Remove Ads.
Support Sporcle.
Get the best of Sporcle when you Go Orange. This ad-free experience offers more features, more stats, and more fun while also helping to support Sporcle. Thank you for becoming a member.

Show Comments

Extras

Top Quizzes Today


Score Distribution

Your Account Isn't Verified!

In order to create a playlist on Sporcle, you need to verify the email address you used during registration. Go to your Sporcle Settings to finish the process.

Report this User

Report this user for behavior that violates our Community Guidelines.

Details: